Équipe de Suède de Football - Tous les joueurs (2000-....) - Statistiques

Statistiques générales
  • Ce quiz a été pris 184 fois
    12 depuis la dernière actualisation
  • Le résultat moyen est 41 sur 228
Statistiques - réponses
Première sélection Dernière sélection Joueur Nb de sélections % Correct
2017 Alexander Isak 56
100%
2001 2023 Zlatan Ibrahimovic 122
100%
2010 2011 Daniel Larsson 5
83%
1993 2008 Henrik Larsson 106
83%
2023 Hugo Larsson 12
83%
2018 Jordan Larsson 8
83%
2016 2018 Sam Larsson 4
83%
2008 2021 Sebastian Larsson 133
83%
2019 Viktor Gyökeres 30
83%
2014 Emil Forsberg 92
67%
2001 2016 Kim Källström 131
67%
2017 2017 Andreas Linde 1
58%
2016 Victor Lindelöf 73
58%
2011 2023 Albin Ekdal 70
50%
1999 2013 Anders Svensson 148
50%
2002 2016 Andreas Isaksson 133
50%
2022 Anthony Elanga 26
50%
2024 Daniel Svensson 9
50%
2019 Dejan Kulusevski 45
50%
1998 2008 Fredrik Ljungberg 75
50%
2009 2021 Gustav Svensson 32
50%
2022 Hjalmar Ekdal 11
50%
2010 2015 Jonas Olsson 25
50%
2006 2006 Karl Svensson 1
50%
2017 2023 Kristoffer Olsson 47
50%
2015 Ludwig Augustinsson 56
50%
1996 2003 Magnus Svensson 32
50%
2008 2021 Marcus Berg 90
50%
2012 2012 Marcus Olsson 2
50%
2010 2023 Martin Olsson 56
50%
1999 2003 Michael Svensson 25
50%
2015 2025 Robin Olsen 79
50%
2006 2019 Andreas Granqvist 88
42%
2001 2003 Tobias Grahn 4
42%
2019 2020 Adam Andersson 4
33%
1996 2003 Andreas Andersson 43
33%
2000 2006 Christoffer Andersson 24
33%
1997 2009 Daniel Andersson 74
33%
2001 2001 Daniel Andersson 1
33%
2023 2023 Elias Andersson 1
33%
2014 Emil Krafth 52
33%
2011 2019 Jimmy Durmaz 49
33%
2018 2022 Joel Andersson 9
33%
1990 2000 Kennet Andersson 83
33%
2017 Ken Sema 32
33%
2024 Lucas Bergvall 6
33%
2019 Mattias Svanberg 37
33%
2007 2018 Ola Toivonen 64
33%
1992 2002 Patrik Andersson 96
33%
2017 2019 Sebastian Andersson 9
33%
2012 2023 Viktor Claesson 74
33%
2020 Carl Starfelt 15
25%
2017 2018 David Moberg Karlsson 3
25%
2022 Emil Holm 16
25%
2014 2016 Erik Johansson 11
25%
2025 Herman Johansson 1
25%
2022 Isak Hien 26
25%
2013 2019 Jakob Johansson 18
25%
2020 2023 Jesper Karlsson 14
25%
2012 2020 John Guidetti 29
25%
2005 2012 Markus Rosenberg 33
25%
2014 2021 Mattias Johansson 8
25%
2008 2021 Mikael Lustig 94
25%
1998 2003 Mikael Rosén 3
25%
2000 2012 Olof Mellberg 117
25%
2014 2014 Oscar Jansson 1
25%
2007 2016 Oscar Wendt 28
25%
2012 2020 Pontus Jansson 27
25%
2013 2023 Robin Quaison 52
25%
2023 Sebastian Nanasi 9
25%
2023 Viktor Johansson 12
25%
2024 Williot Swedberg 1
25%
2023 Yasin Ayari 17
25%
2020 Anton Salétros 19
17%
2008 2013 Behrang Safari 31
17%
2025 Benjamin Nygren 7
17%
2025 Besfort Zeneli 5
17%
2001 2015 Christian Wilhelmsson 79
17%
2017 2023 Filip Helander 23
17%
2022 Gabriel Gudmundsson 21
17%
2025 Gustav Lundgren 1
17%
2014 2024 Isaac Kiese Thelin 33
17%
2024 Isac Lidberg 3
17%
2020 Jens Cajuste 25
17%
1994 2002 Jesper Blomqvist 30
17%
1997 2004 Johan Mjällby 49
17%
2011 Kristoffer Nordfeldt 18
17%
2014 2022 Magnus Eriksson 4
17%
2024 Niclas Eliasson 9
17%
2011 2014 Pär Hansson 6
17%
2001 2009 Petter Hansson 43
17%
2009 2013 Rasmus Elm 39
17%
2025 Roony Bardghji 3
17%
2024 Samuel Dahl 2
17%
2023 Victor Eriksson 1
17%
2008 2011 Viktor Elm 10
17%
2023 Alexander Bernhardsson 9
8%
2003 2010 Alexander Farnerud 8
8%
2016 2019 Alexander Fransson 8
8%
2010 2013 Alexander Gerndt 10
8%
2012 2020 Alexander Kacaniklic 21
8%
2003 2006 Alexander Östlund 22
8%
1996 2004 Andreas Jakobsson 37
8%
2014 2014 Branimir Hrgota 3
8%
2023 2023 Carl Gustafsson 2
8%
2013 2023 Christoffer Nyman 11
8%
2003 2013 Daniel Majstorovic 50
8%
2021 2023 Daniel Sundgren 3
8%
2010 2012 Emir Bajrami 18
8%
2016 2016 Emir Kujovic 5
8%
2001 2009 Erik Edman 57
8%
2013 2016 Erkan Zengin 21
8%
2006 2011 Fredrik Stenman 3
8%
2008 2008 Fredrik Stoor 11
8%
1994 2000 Gary Sundgren 30
8%
2010 2014 Guillermo Molins 8
8%
2023 Gustaf Lagerbielke 7
8%
2018 Gustaf Nilsson 8
8%
1991 2001 Hakan Mild 74
8%
2024 Hugo Bolin 2
8%
2019 2020 Isak Pettersson 2
8%
2013 2013 Ivo Pekalski 2
8%
2023 Jacob Widell Zetterström 2
8%
2018 Jesper Karlström 21
8%
1991 2000 Joachim Björklund 75
8%
2016 2022 Joakim Nilsson 14
8%
2002 2015 Johan Elmander 85
8%
2006 2009 John Alvbage 4
8%
2007 2016 John Wiland 9
8%
1995 2003 Jörgen Pettersson 27
8%
2016 2018 Kerim Mrabti 3
8%
2004 2006 Lasse Nilsson 2
8%
1997 2004 Magnus Hedman 58
8%
1998 2004 Magnus Kihlstedt 13
8%
1999 2008 Marcus Allbäck 74
8%
2019 2022 Marcus Danielson 19
8%
2015 2023 Marcus Rohdén 19
8%
1998 2001 Martin Aslund 4
8%
1999 2002 Mattias Asper 3
8%
2004 2015 Mikael Antonsson 28
8%
2015 2022 Mikael Ishak 7
8%
2004 2009 Mikael Nilsson 64
8%
1993 2008 Niclas Alexandersson 109
8%
2012 2018 Niklas Hult 8
8%
2012 2020 Oscar Hiljemark 28
8%
2014 2018 Oscar Lewicki 15
8%
2011 2022 Pierre Bengtsson 42
8%
2002 2010 Pontus Farnerud 11
8%
1991 2002 Pontus Kamark 57
8%
2007 2016 Pontus Wernbloom 51
8%
2006 2008 Rami Shaaban 16
8%
2009 2014 Rasmus Bengtsson 4
8%
2011 2011 Rasmus Jönsson 2
8%
1986 2000 Roland Nilsson 116
8%
2017 2017 Samuel Armenteros 2
8%
2006 2013 Samuel Holmén 32
8%
2015 2020 Sebastian Holmén 6
8%
2018 2022 Sotirios Papagiannopoulos 5
8%
1989 2001 Stefan Schwarz 69
8%
1994 2006 Teddy Lucic 86
8%
2005 2014 Tobias Hysén 34
8%
1999 2008 Tobias Linderoth 76
8%
1999 2002 Tomas Antonelius 8
8%
2016 2016 Adam Lundqvist 2
0%
2022 2022 Aiham Ousou 1
0%
2019 2019 Alexander Jeremejeff 1
0%
2013 2022 Alexander Milosevic 9
0%
2023 2023 André Boman 1
0%
2020 2020 Anel Ahmedhodzic 1
0%
2023 2024 Armin Gigovic 2
0%
2020 2020 August Erlingmark 1
0%
2023 2023 Bilal Hussein 2
0%
2019 2020 Daleho Irandust 3
0%
2020 2020 Darijan Bojanic 2
0%
2003 2003 David Marek 1
0%
2009 2009 Denni Avdic 1
0%
2000 2000 Dime Jankulovski 1
0%
2020 2020 Dino Islamovic 1
0%
2022 Edvin Kurtulus 4
0%
1998 2004 Erik Wahlstedt 2
0%
2017 2019 Filip Dagerstal 2
0%
2001 2006 Fredrik Berglund 12
0%
2001 2005 Fredrik Risp 3
0%
1998 2002 Fredrik Söderström 5
0%
2020 2020 Gustav Berggren 1
0%
2016 2016 Gustav Engvall 2
0%
2023 Jacob Ondrejka 1
0%
2016 2019 Jacob Rinne 3
0%
2017 2020 Jacob Une 3
0%
2011 2018 Jiloan Hamad 8
0%
2001 2001 Jimmy Tamandi 1
0%
2023 Joel Asoro 2
0%
2023 2023 Joe Mendes 1
0%
2008 2008 Johan Oremo 2
0%
2019 2019 Jonathan Levi 1
0%
1997 2001 Jozo Matovac 9
0%
2018 2019 Kalle Holmberg 4
0%
2012 2021 Karl-Johan Johnsson 9
0%
2001 2008 Kennedy Bakircioglu 14
0%
2020 2020 Kristopher Da Graca 1
0%
2023 2023 Leopold Wahlstedt 1
0%
2016 Linus Wahlqvist 16
0%
2001 2001 Mathias Florén 2
0%
2008 2009 Mattias Bjärsmyr 3
0%
1996 2006 Mattias Jonson 57
0%
2003 2003 Mattias Lindström 3
0%
2003 2009 Max von Schlebrügge 10
0%
2025 Melker Widell 1
0%
2001 2010 Mikael Dorsin 16
0%
2023 2023 Moustafa Zeidan 2
0%
2014 2020 Muamer Tankovic 5
0%
2014 2015 Nabil Bahoui 8
0%
2023 Noah Persson 1
0%
2023 Oliver Dovin 2
0%
2023 2023 Omar Faraj 2
0%
2017 2020 Peter Abrahamsson 2
0%
2018 2020 Pontus Dahlberg 2
0%
2020 2020 Robin Söder 1
0%
2017 2017 Saman Ghoddos 2
0%
2022 Samuel Gustafson 13
0%
2015 2015 Simon Gustafson 2
0%
2020 2020 Simon Hedlund 2
0%
2020 2020 Simon Sandberg 1
0%
2001 2012 Stefan Ishizaki 13
0%
2001 2006 Stefan Selakovic 12
0%
2024 Taha Ali 1
0%
2023 Victor Edvardsen 1
0%
1998 2006 Ykel Osmanovski 15
0%
Aucun quiz correspondant
Distribution des résultats
% des personnes avec chaque résultat
Percentile par nombre de réponses
Votre historique - résultats
Vous n’avez pas pris ce quiz depuis la dernière actualisation